000 00828cab a2200253 4500
001 WB2738-60
008 090401t1991 xxu||||| |||| 00| 0 eng d
035 _a(Sirsi) u1920
041 _aeng
245 _aSmaller farm parcels
260 _c1991
350 _a0
490 _aPlanning (for the Natural and Built Environment)
_v(937) 27 September 1991, 1(1)
520 _aThe Government is proposing limited permitted development rights for smaller agricultural holdings as part of the new control regime over farming and forestry development.
650 _aAGRICULTURAL HOLDINGS
650 _aFARM BUILDINGS
650 _aFORESTRY
650 _aPERMITTED DEVELOPMENT RIGHTS
650 _aPLANNING CONTROL
690 _aPLANNING LAW AND PRACTICE
690 _aRURAL PRACTICE
942 _n0
948 _c04/03/1997
999 _c1126
_d1126